书目信息 |
| 题名: |
中国生态系统格局、质量、服务与演变
|
|
| 作者: | 欧阳志云 , 徐卫华 , 肖燚 著 | |
| 分册: | ||
| 出版信息: | 北京 科学出版社 2017.06 |
|
| 页数: | 292页 | |
| 开本: | 26cm | |
| 丛书名: | ||
| 单 册: | ||
| 中图分类: | Q147 | |
| 科图分类: | ||
| 主题词: | 生态系--研究--中国 | |
| 电子资源: | ||
| ISBN: | 978-7-03-051713-5 | |
| 000 | 01083nam0 2200265 450 | |
| 001 | 3864 | |
| 005 | 20181008163937.11 | |
| 010 | @a978-7-03-051713-5@b精装@dCNY268.00 | |
| 100 | @a20171018d2017 em y0chiy50 ea | |
| 101 | 0 | @achi |
| 102 | @aCN@b110000 | |
| 105 | @ab z 001yy | |
| 200 | 1 | @a中国生态系统格局、质量、服务与演变@9zhong guo sheng tai xi tong ge ju 、 zhi liang 、 fu wu yu yan bian@f欧阳志云,徐卫华,肖燚等著 |
| 210 | @a北京@c科学出版社@d2017.06 | |
| 215 | @a292页@c地图@d26cm | |
| 300 | @a中国生态环境演变与评估/欧阳志云,王桥主编 | |
| 300 | @a“十三五”国家重点出版物出版规划项目 国家出版基金项目 | |
| 330 | @a本书从生态系统格局、质量和服务功能,生态环境问题等多个方面系统研究了全国生态系统现状,2000~2010年的演变规律及驱动因素,探讨了生态系统保护管理面临的问题,提出了生态系统保护对策与建议。 | |
| 606 | 0 | @a生态系@x研究@y中国 |
| 690 | @aQ147@v5 | |
| 701 | 0 | @a欧阳志云@9ou yang zhi yun@f(1962-)@4著 |
| 701 | 0 | @a徐卫华@9xu wei hua@c(生物学)@4著 |
| 701 | 0 | @a肖燚@9xiao yi@c(地理)@4著 |
| 801 | 0 | @aCN@b91MARC@c20171018 |
| 905 | @aMuseLib@dQ147@e254 | |
| 中国生态系统格局、质量、服务与演变/欧阳志云,徐卫华,肖燚等著.-北京:科学出版社,2017.06 |
| 292页:地图;26cm |
| 中国生态环境演变与评估/欧阳志云,王桥主编.-“十三五”国家重点出版物出版规划项目 国家出版基金项目 |
| ISBN 978-7-03-051713-5(精装):CNY268.00 |
| 本书从生态系统格局、质量和服务功能,生态环境问题等多个方面系统研究了全国生态系统现状,2000~2010年的演变规律及驱动因素,探讨了生态系统保护管理面临的问题,提出了生态系统保护对策与建议。 |
| ● |
| 相关链接 |
|
|
|
|
正题名:中国生态系统格局、质量、服务与演变
索取号:Q147/254
 
预约/预借
| 序号 | 登录号 | 条形码 | 馆藏地/架位号 | 状态 | 备注 |
| 1 | 1123985 | 211239854 | 第二样本阅览室/ [索取号:Q147/254] | 在馆 | |
| 2 | 1123986 | 211239863 | 密集书库-生命科学系/ [索取号:Q147/254] | 在馆 |